000 00856nam a2200217Ia 4500
001 16932
003 GE_BSU
008 181216s||||||||xx |||||||||||||| ||und||
040 _cGE_BSU
080 _a821.353.1-1+ 821.353.1-11 + 821.353.1-32
100 _aერისთავი, რაფიელ
245 _aრჩეული თხზულებანი : ერთტომეული
245 _cწიგნი შეადგინა, რედ. გაუკეთა და ბოლოსიტყვაობა დაურთო ან. თევზაძემ
260 _aთბილისი
260 _bსაბჭ. მწერალი
260 _c1958
300 _a583გვ. ; 22სმ
653 _aერთტომეული
653 _aრჩეული თხზულებანი
942 _cBK
999 _c49995
_d49995